Most Used Contraceptive Methods (Northern America) - Statistics

General Stats
  • This quiz has been taken 12 times
  • The average score is 5 of 8
Answer Stats
% Contraceptive Method % Correct
11.9 Male condom
92%
16.5 Pill
83%
20.6 Female sterilization
58%
4.7 IUD
58%
11.9 Male sterilization
50%
1.2 Rhythm
50%
4.3 Withdrawal
42%
2.4 Other modern methods
25%
No matching quizzes found
Score Distribution
Percent of People with Each Score
Percentile by Number Answered
Your Score History
You have not taken this quiz